| 000 | 00441nam a22001577a 4500 | ||
|---|---|---|---|
| 999 |
_c23801 _d23801 |
||
| 003 | NUST | ||
| 008 | 140124b xxu||||| |||| 00| 0 eng d | ||
| 020 |
_a8126507764 _cAvailable |
||
| 038 | _aNusrat Nadeem | ||
| 082 |
_a005.74LAR _b001438 |
||
| 100 |
_aLarose Daniel T _921573 |
||
| 245 |
_aData Mining Methods And Models _cLarose Daniel T |
||
| 260 |
_aIndia _bJohn Wiley & Sons _c2006 |
||
| 538 | _iSupercomputing Lab | ||
| 942 |
_2ddc _cBK |
||